00356nam a2200133Ia 4500001000400000008004100004020002200045082001900067100001800086245005100104260002400155901002800179999001500207712241024s9999 xx 000 0 und d a978-99934-914-6-0 aRD/868.5/M539c aPedro Mendoza 0aCrónica de acciones curiosas de los enfermos bEd. Teófiloc2008 a30/11/2010 9:34:30 a.m. c7694d7694